Adobe after effects 4.0: User guide
| Формат: | Книга |
|---|---|
| Мова: | Іспанська |
| Опубліковано: |
California:
Adobe Systems Incorporated,
1998
|
| Предмети: |
MARC
| LEADER | 00000nam a2200000 4500 | ||
|---|---|---|---|
| 008 | 191212b1998 us ||||| |||| 00| | spa d | ||
| 999 | |c 3836 |d 3836 | ||
| 090 | |a 08.15.02 |b 1067 | ||
| 245 | 1 | 0 | |a Adobe after effects 4.0: User guide |
| 260 | |a California: |b Adobe Systems Incorporated, |c 1998 | ||
| 300 | |a 465 páginas | ||
| 650 | 0 | |9 1302 |a PROGRAMAS DE COMPUTADORA | |
| 942 | |i 001777 |h 08.15.02 1067 |2 z |c 01 | ||
